LEADER 01069nam0-22003251i-450- 001 990006812240403321 005 20001010 035 $a000681224 035 $aFED01000681224 035 $a(Aleph)000681224FED01 035 $a000681224 100 $a20001010d--------km-y0itay50------ba 101 0 $aita 105 $ay-------001yy 200 1 $a<>PARTECIPAZIONE italiana alla guerra civile spagnola$e1936-1939$fAlberto Rovighi, Filippo Stefani. 210 $aRoma$cUfficio storico Sme$d1993. 215 $a2 v. 24 cm 300 $av. 2. in 2 t.: Dall'autunno 1937 all'estate del 1939. t. 1.: Testo. t. 2.: Documenti e allegati. 610 0 $aSpagna - Guerra civile - 1936-1939 - Partecipazione italiana 676 $a946.081 700 1$aRovighi,$bAlberto$0155256 702 1$aStefani,$bFilippo 801 0$aIT$bUNINA$gRICA$2UNIMARC 901 $aBK 912 $a990006812240403321 952 $aXIV B 1476$b24848/9$fFSPBC 959 $aFSPBC 996 $aPartecipazione italiana alla guerra civile spagnola$9236340 997 $aUNINA DB $aGEN01 LEADER 01615nam0 2200385 i 450 001 RMG0028136 005 20251003044337.0 010 $a8814070962 020 $aIT$b99-2875 100 $a20150407d1998 ||||0itac50 ba 101 | $aita 102 $ait 181 1$6z01$ai $bxxxe 182 1$6z01$an 200 1 $aˆIl ‰testo unico dei mercati finanziari$esocietà quotate, intermediari, mercati, OPA, insider trading$ecommento al D. lgs. 24 febbraio 1998, n. 58$fa cura di Leonardo Lacaita e Valerio Napoleoni 210 $aMilano$cGiuffrè$d\1998! 215 $aVIII, 321 p.$d24 cm 225 | $aQuaderni della Gazzetta giuridica Giuffrè ItaliaOggi 300 $aSegue: Appendice. 410 0$1001RMG0028137$12001 $aQuaderni della Gazzetta giuridica Giuffrè ItaliaOggi 606 $aMercati finanziari$xLegislazione$2FIR$3CFIC062821$9E 676 $a346$9Diritto privato$v12 676 $a346.450926$9$v21 676 $a346.450926$9DIRITTO PRIVATO. Agenti e accordi di vendita. Italia$v22 702 1$aNapoleoni$b, Valerio$3CFIV098160 702 1$aLacaita$b, Leonardo$f <1965- >$3CFIV240062 801 3$aIT$bIT-000000$c20150407 850 $aIT-BN0095 $aIT-AV0007 901 $bNAP 01$cD $n$ 901 $bNAP AV$cSEZ. M $nSezione Moderna 912 $aRMG0028136 950 0$aBiblioteca Centralizzata di Ateneo$d 01D (AR) 23 951$e 01AR 0700239515 VMA A4 1 v.$fY $h19981123$i20181214 977 $a 01$a AV 996 $aTESTO unico dei mercati finanziari$9666811 997 $aUNISANNIO